000 00663nas a2200241 i 4500
001 2416
003 ES-MaACL
005 20250826083346.0
007 t|
008 950801d19311940sz | | 1 ||pa d
022 _a9933-5557
080 _a331(100)
245 0 3 _aEl año social /
_cOficina Internacional del Trabajo.
260 _aGinebra :
_bOficina Internacional del Trabajo,
_c1931-1940.
300 _a2 v. ;
_c24 cm.
310 _aAnual
362 0 _a1930-[1939]
650 1 7 _aTrabajo
_2embne
_917590
710 1 _aOficina Internacional del Trabajo
_96023
852 _aES-MaACL
_jC-7234-35
866 0 _o1931-32.
999 _c2416
_d2416